=LDR 00000nam 2200000 4500 =001 INLIS000000000017043 =005 20130612112237 =008 ***********************************Ind** =035 ##$$0010-061300000017043 =041 ##$$a Ind =082 ##$$a 346.07 =090 ##$$a 346.07, Bud k =100 ##$$a Budiarto, Agus =245 ##$$a Kedudukan hukum dan tanggung jawab pendiri perseroan terbatas, Agus Budiarto, SH, M.Hum =260 ##$$a 2002 $b Jakarta =300 ##$$a 234 hlm, 25 cm =650 ##$$a Hukum Dagang =850 ##$$a NBPNMAT